Name That Supercar Brand! - Statistics

General Stats
  • This quiz has been taken 55 times
  • The average score is 7 of 12
Answer Stats
Hint Maker % Correct
Italian Prancing Horse Ferrari
100%
Italian Raging Bull Lamborghini
96%
Ultimate top speed Bugatti
71%
Swedish speed records Koenigsegg
71%
British F1 technology McLaren
71%
British luxury GT Aston Martin
60%
German engineering Porsche
58%
Automotive art Pagani
53%
Croatian electric hypercar Rimac
44%
Italian luxury performance Maserati
33%
American top speed Hennessey
29%
British lightweight design Lotus
22%
No matching quizzes found
Score Distribution
Percent of People with Each Score
Percentile by Number Answered
Your Score History
You have not taken this quiz